Testvérvárosi fényképek
Elmentve itt :
| Szerző: | |
|---|---|
| Dokumentumtípus: | Cikk |
| Megjelent: |
1982-03-17
|
| Sorozat: | Délmagyarország
72 No. 64 |
| Kulcsszavak: | kiállítások |
| Online Access: | http://dmarchiv.bibl.u-szeged.hu/114935 |
| LEADER | 00449nab a2200157 i 4500 | ||
|---|---|---|---|
| 001 | delm114935 | ||
| 005 | 20190624142822.0 | ||
| 008 | 190624s1982 hu o 0|| hun d | ||
| 040 | |a SZTE Délmagyarország Archívum |b hun | ||
| 041 | |a hun | ||
| 100 | 1 | |a Horváth Dezső | |
| 245 | 1 | 0 | |a Testvérvárosi fényképek |h [elektronikus dokumentum] / |c Horváth Dezső |
| 260 | |c 1982-03-17 | ||
| 300 | |a 5 | ||
| 490 | 0 | |a Délmagyarország |v 72 No. 64 | |
| 695 | |a kiállítások | ||